Ark maps - Statistics

General Stats
  • This quiz has been taken 172 times
  • The average score is 9 of 11
Answer Stats
Picture Answer % Correct
The Island
97%
Ragnarok
91%
The Center
91%
Abberation
83%
Extinction
82%
Valguero
81%
Scorched Earth
78%
Genesis 2
76%
Genesis 1
73%
Crystal Isles
72%
Lost Island
71%
No matching quizzes found
Score Distribution
Percent of People with Each Score
Percentile by Number Answered
Your Score History
You have not taken this quiz